Statistiques concernant Classements des pilotes de F1 par points marqué en carrière

Cliquez ici pour prendre le quiz!

Statistiques générales

  • Ce quiz a été pris 125 fois
  • Le résultat moyen est 5 sur 10

Statistiques - réponses

ClassementPointsRéponse% Correct
14639.50Hamilton
100%
23098Vettel
76%
32586.5Verstappen
64%
42267Alonso
51%
81566Schumacher
40%
51873Raikkonen
34%
61797Bottas
32%
71594.50Rosberg
25%
91486Perez
18%
101317Ricciardo
12%

Distribution des résultats

Percentile par nombre de réponses

% des personnes avec chaque résultat

Votre développement - résultats

Vous n’avez pas pris ce quiz